000
00275nam a22001217a 4500
003
SGT
082
_a
616.0757
_b
C17N
100
_a
NORTON,MARY E
245
_a
CALLEN ULTRASONOGRAPHY IN OBST. AND GYNE.
260
_a
INDIA
_b
ELSEVIER
_c
2017
300
_a
1252
942
_2
ddc
_c
BK
999
_c
14316
_d
14316